Statistics for Southernmost Major City by Country

Click here to take the quiz!

General Stats

  • This quiz has been taken 103 times
  • The average score is 15 of 20

Answer Stats

PopulationCountryCity% Correct
4.1 milSouth AfricaCape Town
98%
7.2 milCanadaToronto
97%
4.3 milItalyNaples
94%
2.3 milPortugalLisbon
93%
4.5 milAustraliaMelbourne
93%
16.0 milArgentinaBuenos Aires
92%
3.5 milSyriaDamascus
90%
8.3 milVietnamHo Chi Minh City
90%
2.2 milGermanyMunich
90%
17.1 milEgpytCairo
89%
25.1 milPakistanKarachi
89%
1.3 milUnited Arab EmiratesAbu Dhabi
85%
1.0 milUnited StatesHonolulu
78%
1.9 milSaudi ArabiaMecca
78%
1.0 milSpainMalaga
66%
3.0 milEcuadorGuayaquil
62%
4.1 milBrazilPorto Alegre
62%
1.2 milTurkeyAntalya
36%
1.5 milPhilippinesDavao City
29%
1.1 milMoroccoAgadir
24%

Score Distribution

Percentile by Number Answered

Percent of People with Each Score

Your Score History

You have not taken this quiz